La ciudad mercado (Record no. 10689)

MARC details
000 -CABECERA
campo de control de longitud fija 00807nam a2200253 a 4500
001 - NÚMERO DE CONTROL
campo de control BRL_1881
005 - FECHA Y HORA DE LA ÚLTIMA TRANSACCIÓN
campo de control 20190320211420.0
008 - DATOS DE LONGITUD FIJA--INFORMACIÓN GENERAL
campo de control de longitud fija 120815s1957----mx-abo####---#000-0#spa-#
041 ## - CÓDIGO DE LENGUA
Código de lengua del texto/banda sonora o título independiente spa
044 ## - CÓDIGO DEL PAÍS DE LA ENTIDAD EDITORA/PRODUCTORA
Código MARC del país mx
050 #4 - SIGNATURA TOPOGRÁFICA DE LA BIBLIOTECA DEL CONGRESO
Número de clasificación F1221.M7
Número de documento/Ítem .M37 1957
100 1# - ENTRADA PRINCIPAL--NOMBRE DE PERSONA
Nombre de persona Marroquin, Alejandro
9 (RLIN) 28122
245 10 - MENCIÓN DE TÍTULO
Título La ciudad mercado
Resto del título Tlaxiaco
Mención de responsabilidad, etc. Alejandro Marroquin.
260 ## - PUBLICACIÓN, DISTRIBUCIÓN, ETC.
Lugar de publicación, distribución, etc. México
Nombre del editor, distribuidor, etc. Imprenta Universitaria
Fecha de publicación, distribución, etc. 1957
300 ## - DESCRIPCIÓN FÍSICA
Extensión 274 p.
Otras características físicas il., mapas
Dimensiones 20 cm.
440 #0 - MENCIÓN DE SERIE/PUNTO DE ACCESO ADICIONAL--TÍTULO
Título Colección Cultura Mexicana
Designación de volumen o secuencia 19
9 (RLIN) 28123
500 ## - NOTA GENERAL
Nota general Au2040
650 14 - PUNTO DE ACCESO ADICIONAL DE MATERIA--TÉRMINO DE MATERIA
Término de materia o nombre geográfico como elemento de entrada Mixtecas
Subdivisión general Vida social y costumbres
9 (RLIN) 28124
650 14 - PUNTO DE ACCESO ADICIONAL DE MATERIA--TÉRMINO DE MATERIA
Término de materia o nombre geográfico como elemento de entrada Mixtecas
Subdivisión general Condiciones económicas
9 (RLIN) 28125
651 #4 - PUNTO DE ACCESO ADICIONAL DE MATERIA--NOMBRE GEOGRÁFICO
Nombre geográfico Tlaxiaco (México)
Subdivisión general Condiciones económicas
9 (RLIN) 28126
651 #4 - PUNTO DE ACCESO ADICIONAL DE MATERIA--NOMBRE GEOGRÁFICO
Nombre geográfico Tlaxiaco (México)
Subdivisión general Condiciones sociales
9 (RLIN) 28127
902 ## - CATALOGADOR
Iniciales GRL
942 ## - ELEMENTOS DE PUNTO DE ACCESO ADICIONAL (KOHA)
Fuente del sistema de clasificación o colocación Library of Congress Classification
Tipo de ítem Koha Libros
Holdings
Estado de retiro Estado de pérdida Estado dañado No para préstamo Localización permanente Ubicación/localización actual Fecha de adquisición Número de inventario Total de préstamos Signatura topográfica completa Código de barras Fecha visto por última vez Precio válido a partir de Tipo de ítem Koha
El ejemplar forma parte de la colección y puede ser consultado según las políticas vigentes.       Biblioteca Centro de Estudios Ruth D. Lechuga Biblioteca Centro de Estudios Ruth D. Lechuga 12/08/2015 Au2040   F1221.M7 .M37 1957 (Au2040) GRL02074 22/03/2019 22/03/2019 Libros